LEADER 01275nam0-22004091i-450- 001 990006624830403321 005 20101109170809.0 010 $a88-06-14031-0$bvol. 1.1 010 $a88-06-14032-9$bvol. 1.2 035 $a000662483 035 $aFED01000662483 035 $a(Aleph)000662483FED01 035 $a000662483 100 $a20101109d1996----km-y0itay50------ba 101 0 $aita 102 $aIT 105 $ay-------001yy 200 1 $aMussolini l'alleato$fRenzo De Felice 210 $aTorino$cEinaudi$d1996 215 $a2 v.$d21 cm 225 1 $aEinaudi tascabili$v395$v396 327 1 $a1.1 : L'Italia in guerra, 1940-1943 : Dalla guerra breve alla guerra lunga$a1.2 : L'Italia in guerra, 1940-1943 : crisi e agonia del regime 610 0 $aItalia$aStoria (1940-1943) 610 0 $aFascismo$aItalia$aStoria (1940-1943) 676 $a945.091 5 676 $a320.533 094 5 700 1$aDe Felice,$bRenzo$f<1929-1996>$0123070 801 0$aIT$bUNINA$gRICA$2UNIMARC 901 $aBK 912 $a990006624830403321 952 $aCollez. 77 (183) 1.II$fFSPBC 952 $aCollez. 77 (183) 1.I$fFSPBC 952 $a945.0915 DEF 1,4/1,2$b6559$fBFS 959 $aFSPBC 959 $aBFS 996 $aMussolini l'alleato$9505868 997 $aUNINA LEADER 01231nam0-2200349---450 001 990009519010403321 005 20241217130921.0 010 $a978-88-7578-116-3 035 $a000951901 035 $aFED01000951901 035 $a(Aleph)000951901FED01 035 $a000951901 100 $a20120126d2008----km-y0itay50------ba 101 1 $aita$ceng 102 $aIT 105 $ay-------001yd 200 1 $a<>evoluzionista riluttante$eil ritratto privato di Charles Darwin e la nascita della teoria dell'evoluzione$fDavid Quammen 210 $aTorino$cCodice edizioni$d2008 215 $a234 p.$d23 cm 225 1 $a<>grandi scoperte 454 0$12001$a<>reluctant Mr. Darwin : an intimate portrait of Charles Darwin and the making of his theory of evolution$955138 610 0 $aEvoluzione$aTeorie 610 0 $aDarwin, Charles$aBiografia 676 $a575 700 1$aQuammen,$bDavid$f<1948- >$0326360 801 0$aIT$bUNINA$gRICA$2UNIMARC 901 $aBK 912 $a990009519010403321 952 $a113.8 QUAD 01$b61286 bibl.$fFLFBC 959 $aFLFBC 996 $aReluctant Mr. Darwin : an intimate portrait of Charles Darwin and the making of his theory of evolution$955138 997 $aUNINA